|
|
|
|
| LEADER |
00000nam0a2200000 4500 |
| 001 |
597138 |
| 005 |
20231101131936.0 |
| 035 |
|
|
|a (RuTPU)RU\TPU\tpu\20295
|
| 090 |
|
|
|a 597138
|
| 100 |
|
|
|a 20111115d1997 m y0rusy50 ca
|
| 101 |
0 |
|
|a rus
|
| 102 |
|
|
|a RU
|
| 105 |
|
|
|a a z 001zy
|
| 200 |
1 |
|
|a Применение твердых горючих ископаемых для регулирования свойств промывочных жидкостей
|f Е. Б. Годунов, П. С. Чубик
|
| 210 |
|
|
|a Москва
|c Геоинформмарк
|d 1997
|
| 215 |
|
|
|a 37 с.
|
| 225 |
1 |
|
|a Техника, технология и организация геологоразведочных работ: обзорная информация / Геоинформмарк; № 3
|
| 320 |
|
|
|a Библиогр.: 25 назв.
|
| 330 |
|
|
|a Дан анализ современного состояния проведения буровых работ с использованием промывочных жидкостей, на основе которых обоснована необходимость более широкого применения в их составе торфов. Обобщен отечественный опыт использования продуктов переработки твердых горючих ископаемых (бурого угля, торфа) для регулирования свойств промывочных жидкостей, а также опыт применения торфорастворов. Рассмотрены вопросы, связанные с приготовлением торфорастворов и регулированием их свойств путем электроимпульсной обработки. Показаны преимущества электроимпульсной технологии, заключающейся в возможности получения высококачественных экологически чистых торфорастворов из торфов различного генезиса и ботанического состава
|
| 333 |
|
|
|a В фонде НТБ ТПУ отсутствует
|
| 610 |
1 |
|
|a труды учёных ТПУ
|
| 700 |
|
1 |
|a Годунов
|b Е. Б.
|
| 701 |
|
1 |
|a Чубик
|b П. С.
|c российский геолог
|c профессор, ректор Томского политехнического университета ( с 2008 г.)
|f 1954-
|g Петр Савельевич
|x TPU
|2 stltpush
|3 (RuTPU)RU\TPU\pers\24546
|4 070
|
| 801 |
|
1 |
|a RU
|b 63413507
|c 20111115
|
| 801 |
|
2 |
|a RU
|b 63413507
|c 20111115
|g RCR
|
| 942 |
|
|
|c BK
|